|
|
|
|
| LEADER |
00802pam a22002178a 4500 |
| 001 |
00024056 |
| 005 |
20171026081023.0 |
| 008 |
110711s2006 ||||||viesd |
| 041 |
0 |
# |
|a vie
|
| 082 |
1 |
4 |
|a 428
|b E204L
|
| 100 |
0 |
# |
|a Nguyen Quang
|
| 245 |
0 |
0 |
|a English readings in biotechnology
|b A reading skill development course
|c Nguyen Quang
|
| 260 |
# |
# |
|a Hue
|b ĐH Huế
|c 2006
|
| 300 |
# |
# |
|a 110tr.
|c 27cm.
|
| 653 |
# |
# |
|a công nghệ sinh học
|
| 653 |
# |
# |
|a tiếng anh
|
| 852 |
# |
# |
|b Kho giáo trình
|j KGT.0009956, KGT.0009957, KGT.0009958, KGT.0009959, KGT.0009960
|
| 852 |
# |
# |
|b Kho mượn
|j KGT.0009956
|
| 852 |
# |
# |
|j KGT.0009959
|j KGT.0009960
|j KGT.0009956
|j KGT.0009957
|j KGT.0009958
|
| 910 |
|
|
|d 11/07/2011
|
| 980 |
# |
# |
|a Trung tâm Học liệu Lê Vũ Hùng, Trường Đại học Đồng Tháp
|